[Event "24th Panam-ch"]
[Site "Natal BRA"]
[Date "2014.10.25"]
[Round "10"]
[White "Leitao, Rafael"]
[Black "Castro Rojas, Oscar Humberto"]
[Result "1-0"]
[WhiteElo "2636"]
[BlackElo "2359"]
[EventDate "2014.10.18"]
[PlyCount "81"]

1.d4 d5 2.c4 e6 3.Nc3 Nf6 4.cxd5 Nxd5 5.e4 Nxc3 6.bxc3 c5 7.a3 Be7 8.Nf3 
O-O 9.Bd3 b6 10.Qe2 Bb7 11.O-O Nd7 12.Bf4 Re8 13.Rfd1 Qc8 14.a4 Nf8 15.h4 
Rd8 16.a5 Ng6 17.Bg3 Bd6 18.e5 Be7 19.h5 Nf8 20.h6 g6 21.Qe3 Qc7 22.Ng5 
bxa5 23.Qf4 f5 24.exf6 Qxf4 25.Bxf4 Bxf6 26.Ne4 Nd7 27.dxc5 Be7 28.Bc7 
Rdc8 29.Bd6 Bd8 30.f3 a6 31.Bc4 Kf7 32.Bg3 Nxc5 33.Nd6+ Kf6 34.Nxc8 Rxc8 
35.Bf2 Be7 36.Rxa5 Rc6 37.Ba2 Bc8 38.Rd4 e5 39.Bd5 Rc7 40.Rc4 Be6 41.Raxc5
1-0

[Event "24th Panam-ch"]
[Site "Natal BRA"]
[Date "2014.10.25"]
[Round "10"]
[White "Henriquez Villagra, Cristobal"]
[Black "Perez Ponsa, Federico"]
[Result "1-0"]
[WhiteElo "2470"]
[BlackElo "2536"]
[EventDate "2014.10.18"]
[PlyCount "101"]

1.d4 Nf6 2.c4 e6 3.Nf3 c5 4.e3 cxd4 5.exd4 d5 6.Nc3 Be7 7.cxd5 Nxd5 8.Bd3 
Nc6 9.O-O O-O 10.a3 Bf6 11.Be4 Nce7 12.Re1 Bd7 13.Qd3 h6 14.Ne5 Nxc3 15.
Qxc3 Bc6 16.Bxc6 Nxc6 17.Nxc6 bxc6 18.Be3 Qd5 19.Rac1 Rfb8 20.Re2 Rb6 21.
h3 Rab8 22.Rd2 R8b7 23.Rcc2 Be7 24.Rd3 Bd6 25.Qd2 a5 26.Rdc3 a4 27.Qe2 Rb8
28.g3 h5 29.Bc1 f6 30.Qc4 h4 31.Qxd5 cxd5 32.gxh4 Kf7 33.h5 e5 34.Rc6 Ke6 
35.Be3 Rxc6 36.Rxc6 Kd7 37.Ra6 Rh8 38.Rxa4 Rxh5 39.Kg2 e4 40.Ra7+ Ke6 41.
Rxg7 Rh8 42.a4 Bb8 43.a5 f5 44.Bg5 f4 45.h4 Kf5 46.a6 Kg4 47.a7 f3+ 48.Kf1
Bxa7 49.Rxa7 Rb8 50.Ra2 Rb3 51.Ke1 1-0

[Event "24th Panam-ch"]
[Site "Natal BRA"]
[Date "2014.10.25"]
[Round "10"]
[White "Hernandez Guerrero, Gilberto"]
[Black "Paveto, Kevin"]
[Result "1/2-1/2"]
[WhiteElo "2531"]
[BlackElo "2426"]
[EventDate "2014.10.18"]
[PlyCount "99"]

1.d4 Nf6 2.Bg5 e6 3.e4 h6 4.Bxf6 Qxf6 5.Nc3 Bb4 6.a3 Bxc3+ 7.bxc3 c5 8.Nf3
d6 9.Bb5+ Bd7 10.Rb1 Bxb5 11.Rxb5 Qe7 12.O-O O-O 13.Qd3 Na6 14.h3 Rac8 15.
d5 exd5 16.exd5 c4 17.Qd4 Qd7 18.Rbb1 Rc5 19.Rfe1 b6 20.Nd2 Nc7 21.Ne4 
Rxd5 22.Qxc4 Re5 23.Ng3 Qe6 24.Qf1 Nd5 25.c4 Nf4 26.Red1 Re8 27.Rd4 Ne2+ 
28.Nxe2 Rxe2 29.Rbd1 Rxc2 30.Rxd6 Qxc4 31.Qxc4 Rxc4 32.Rd7 Ra4 33.R1d3 Re6
34.g3 b5 35.Rb7 a6 36.Rd8+ Kh7 37.Rxf7 Rxa3 38.Rdd7 Rg6 39.Rb7 Rc3 40.Kg2 
Rc5 41.g4 h5 42.Kg3 hxg4 43.hxg4 Rc1 44.f3 Rb1 45.Rf5 b4 46.Rh5+ Kg8 47.
Rb8+ Kf7 48.Rb7+ Kg8 49.Rb8+ Kf7 50.Rb7+ 1/2-1/2

[Event "24th Panam-ch"]
[Site "Natal BRA"]
[Date "2014.10.25"]
[Round "10"]
[White "Alonso, Salvador"]
[Black "Krysa, Leandro"]
[Result "1-0"]
[WhiteElo "2505"]
[BlackElo "2446"]
[EventDate "2014.10.18"]
[PlyCount "127"]

1.Nf3 Nf6 2.c4 c5 3.Nc3 d5 4.cxd5 Nxd5 5.g3 Nc6 6.Bg2 Nc7 7.O-O e5 8.d3 
Be7 9.Nd2 O-O 10.Nc4 f6 11.a4 Be6 12.a5 Rc8 13.Be3 Nd5 14.Qa4 Ncb4 15.Rfc1
Rf7 16.Bd2 Bf8 17.Nxd5 Nxd5 18.Ne3 Nxe3 19.Bxe3 Rfc7 20.a6 bxa6 21.Qxa6 
Qd7 22.Rc2 c4 23.Rac1 Qd6 24.Qxd6 Bxd6 25.dxc4 Bb4 26.b3 Rb8 27.Bd5 Kf7 
28.Bxe6+ Kxe6 29.Rd1 a5 30.Rd5 Rd7 31.Rxd7 Kxd7 32.Bd2 Bc5 33.Bxa5 Rxb3 
34.Bd2 Ra3 35.Kg2 Kc6 36.g4 g6 37.Bh6 f5 38.gxf5 gxf5 39.Bg7 e4 40.e3 Ra8 
41.Be5 Rg8+ 42.Bg3 Rg7 43.Kh3 Rg6 44.Rd2 Rh6+ 45.Kg2 Rf6 46.Rd5 Rf7 47.Kf1
Rf8 48.Ke2 Rf7 49.Kf1 Rf8 50.Bf4 Rf7 51.Kg2 Rf8 52.Kh3 Be7 53.Be5 Ra8 54.
Bd4 Rf8 55.Ra5 Bb4 56.Ra6+ Kd7 57.Ra7+ Ke6 58.Rxh7 f4 59.Rh6+ Kf5 60.Rh5+ 
Kg6 61.Rh4 fxe3 62.Bxe3 Be1 63.Rg4+ Kh5 64.Rg5+ 1-0

[Event "24th Panam-ch"]
[Site "Natal BRA"]
[Date "2014.10.25"]
[Round "10"]
[White "Leiva, Giuseppe"]
[Black "Pichot, Alan"]
[Result "0-1"]
[WhiteElo "2409"]
[BlackElo "2473"]
[EventDate "2014.10.18"]
[PlyCount "62"]

1.d4 Nf6 2.Nf3 g6 3.Bg5 Bg7 4.Nbd2 O-O 5.c3 d5 6.e3 Nbd7 7.Be2 c5 8.O-O b6
9.a4 a6 10.b4 c4 11.Bh4 Bb7 12.Qb1 b5 13.Bd1 Ne4 14.Nxe4 dxe4 15.Nd2 f5 
16.f4 Nb6 17.Ra3 Nd5 18.Bf2 e6 19.Be2 g5 20.g3 Kh8 21.Bxc4 bxc4 22.Nxc4 
gxf4 23.gxf4 Rg8 24.Bg3 Qc7 25.Qa2 Rac8 26.Na5 Nxe3 27.Nxb7 Nxf1 28.Nc5 
Nxg3 29.hxg3 Bf6 30.Nxe6 Qf7 31.Kf2 Qh5 0-1

[Event "24th Panam-ch"]
[Site "Natal BRA"]
[Date "2014.10.25"]
[Round "10"]
[White "Cori Tello, Deysi"]
[Black "Cruz Sanchez, Cristhian"]
[Result "0-1"]
[WhiteElo "2411"]
[BlackElo "2557"]
[EventDate "2014.10.18"]
[PlyCount "70"]

1.d4 e6 2.Nf3 Nf6 3.e3 c5 4.Bd3 d5 5.b3 Nc6 6.Bb2 Bd6 7.Nbd2 O-O 8.O-O b6 
9.dxc5 Bxc5 10.a3 Bb7 11.b4 Be7 12.Qe2 a5 13.b5 Nb8 14.Rfd1 Nbd7 15.c4 Re8
16.Rac1 Bf8 17.cxd5 exd5 18.Bf5 Nc5 19.Nf1 g6 20.Bc2 Rc8 21.Bb1 Bg7 22.Ba2
Qd6 23.N1d2 Na4 24.Nc4 Qe7 25.Bb3 Nxb2 26.Nxb2 Qxa3 27.Nd4 Ne4 28.Ra1 Qd6 
29.Na4 Nc5 30.Qa2 Ne6 31.Nxe6 fxe6 32.Rac1 Rxc1 33.Rxc1 Rc8 34.Qd2 Rxc1+ 
35.Qxc1 Qb4 0-1

[Event "24th Panam-ch"]
[Site "Natal BRA"]
[Date "2014.10.25"]
[Round "10"]
[White "Abarca Gonzalez, Nicolas"]
[Black "El Debs, Felipe De Cresce"]
[Result "0-1"]
[WhiteElo "2328"]
[BlackElo "2514"]
[EventDate "2014.10.18"]
[PlyCount "68"]

1.d4 d5 2.Nf3 Nf6 3.Bf4 c5 4.c3 e6 5.e3 Nc6 6.Bd3 Bd6 7.dxc5 Bxc5 8.O-O 
O-O 9.Nbd2 h6 10.h3 Nd7 11.e4 Qf6 12.Bh2 Nde5 13.exd5 exd5 14.Nxe5 Nxe5 
15.Nb3 Bb6 16.Nd4 Bd7 17.Bxe5 Qxe5 18.Re1 Qf6 19.Bc2 Rfe8 20.Qd3 g6 21.Bb3
Bc6 22.a4 Re4 23.Rad1 Rae8 24.Kf1 Kg7 25.Qd2 Bxd4 26.cxd4 Bxa4 27.Bxd5 
Bb5+ 28.Kg1 Re2 29.Rxe2 Rxe2 30.Qc3 Qxf2+ 31.Kh1 Rxb2 32.Bxb7 Bc4 33.Rc1 
Rxb7 34.d5+ Kh7 {resto ileg vel} 0-1

[Event "24th Panam-ch"]
[Site "Natal BRA"]
[Date "2014.10.25"]
[Round "10"]
[White "Matsuura, Everaldo"]
[Black "Umetsubo, Cesar Hidemitsu"]
[Result "1-0"]
[WhiteElo "2486"]
[BlackElo "2355"]
[EventDate "2014.10.18"]
[PlyCount "145"]

1.e4 e5 2.Nf3 Nf6 3.Nxe5 d6 4.Nf3 Nxe4 5.Nc3 Nxc3 6.dxc3 Nc6 7.Be3 Be7 8.
Qd2 Be6 9.O-O-O Qd7 10.Kb1 Bf6 11.h3 a6 12.b3 O-O-O 13.g4 h6 14.Bg2 Rhe8 
15.Ng1 d5 16.Ne2 Qe7 17.Rhe1 Qa3 18.Nd4 Rd6 19.Nxc6 Rxc6 20.Bd4 Bxd4 21.
Qxd4 Rc5 22.Bxd5 Rxd5 23.Qxd5 Bxd5 24.Rxe8+ Kd7 25.Re5 c6 26.c4 Kd6 27.Re3
b5 28.cxd5 c5 29.Ka1 a5 30.Re8 c4 31.Re3 Qc5 32.bxc4 Qxc4 33.Kb2 Qf4 34.
Rd2 Qb4+ 35.Kc1 Qc4 36.a3 a4 37.Rdd3 Qf4 38.Rd2 Qc4 39.Rdd3 Qf4 40.f3 Qg3 
41.Re4 Qg1+ 42.Kb2 Qa7 43.Rb4 Qd7 44.f4 Qe8 45.Rbd4 g5 46.fxg5 hxg5 47.Rc3
Qe5 48.Rdd3 Qf6 49.Ka2 Qf2 50.Rc6+ Kd7 51.Kb2 Qa7 52.d6 Kxc6 53.d7 Qxd7 
54.Rxd7 Kxd7 55.Kc3 Kd6 56.Kb4 Kc6 57.c4 bxc4 58.Kxc4 Kd6 59.Kb4 Ke5 60.
Kxa4 Kf4 61.Kb4 Kg3 62.a4 Kxh3 63.a5 Kxg4 64.a6 f5 65.a7 f4 66.a8=Q f3 67.
Kc3 Kg3 68.Kd2 g4 69.Qe4 Kh3 70.Ke3 Kg3 71.Qf4+ Kh3 72.Kf2 g3+ 73.Qxg3# 
1-0

[Event "24th Panam-ch"]
[Site "Natal BRA"]
[Date "2014.10.25"]
[Round "10"]
[White "Acosta, Pablo Ismael"]
[Black "Gonzalez Acosta, Bernal Manuel"]
[Result "0-1"]
[WhiteElo "2300"]
[BlackElo "2478"]
[EventDate "2014.10.18"]
[PlyCount "80"]

1.c4 c6 2.Nf3 d5 3.g3 Nf6 4.Bg2 dxc4 5.O-O Nbd7 6.Qc2 Nb6 7.a4 a5 8.Na3 
Nfd5 9.Nxc4 Nb4 10.Qb3 Nxc4 11.Qxc4 Be6 12.Qc3 Nd5 13.Qe5 Qd7 14.Nd4 Bg4 
15.f3 f6 16.Qe4 Bh5 17.f4 Bf7 18.f5 Nc7 19.Bh3 Qd5 20.Qxd5 Bxd5 21.d3 e5 
22.fxe6 Bc5 23.Be3 Nxe6 24.Nf5 Bb4 25.Nd4 Nc5 26.Bg2 Rd8 27.Bxd5 Rxd5 28.
Nc2 Nb3 29.Rad1 Be7 30.Bf2 Kf7 31.d4 b5 32.Rd3 bxa4 33.e4 Rd7 34.Rc3 Rc8 
35.Be3 Bb4 36.Rc4 Bd2 37.Kf2 Re8 38.Ke2 Rxe4 39.Kd3 Bxe3 40.Rxc6 Rde7 0-1

[Event "24th Panam-ch"]
[Site "Natal BRA"]
[Date "2014.10.25"]
[Round "10"]
[White "Valdes Escobar, Alvaro"]
[Black "Terry Lujan, Renato Alfredo"]
[Result "0-1"]
[WhiteElo "2378"]
[BlackElo "2454"]
[EventDate "2014.10.18"]
[PlyCount "92"]

1.Nf3 b6 2.g3 Bb7 3.Bg2 g5 4.O-O g4 5.Ne1 Bxg2 6.Nxg2 Nf6 7.e4 Nc6 8.d4 
Nxe4 9.Qxg4 d5 10.c3 h5 11.Qe2 Qd7 12.Nd2 Nxd2 13.Bxd2 Bg7 14.Qf3 e5 15.
Bg5 f6 16.Bxf6 e4 17.Rae1 O-O 18.Qxh5 Rxf6 19.Ne3 Ne7 20.f3 exf3 21.Ng4 
f2+ 22.Rxf2 Rxf2 23.Nxf2 Rf8 24.Nh3 Qf5 25.Qxf5 Nxf5 26.Nf4 c6 27.Re6 Rf6 
28.Re8+ Kh7 29.Re6 Rf7 30.Rxc6 Bh6 31.Nd3 Ne3 32.h4 Nf5 33.Re6 Nxg3 34.Rd6
Nf5 35.Rxd5 Nxh4 36.c4 Rf3 37.Rd7+ Kh8 38.Ne5 Be3+ 39.Kh2 Bf4+ 40.Kg1 Rg3+
41.Kf1 Bxe5 42.dxe5 Rg7 43.Rd5 Nf5 44.Ke2 Rg2+ 45.Kd3 Rxb2 46.Rd8+ Kg7 0-1

[Event "24th Panam-ch"]
[Site "Natal BRA"]
[Date "2014.10.25"]
[Round "10"]
[White "Martinez Alcantara, Jose Eduardo"]
[Black "Quintiliano Pinto, Renato Rodrigues"]
[Result "1/2-1/2"]
[WhiteElo "2440"]
[BlackElo "2378"]
[EventDate "2014.10.18"]
[PlyCount "96"]

1.c4 e6 2.Nf3 d5 3.b3 Nf6 4.g3 Be7 5.Bg2 O-O 6.O-O c5 7.Bb2 Nc6 8.e3 d4 9.
exd4 cxd4 10.Re1 Bc5 11.Ne5 Nxe5 12.Rxe5 Qd6 13.Rxc5 Qxc5 14.Ba3 Qc7 15.
Bxf8 Kxf8 16.d3 e5 17.Nd2 Bg4 18.Qc2 a5 19.Ne4 Nxe4 20.Bxe4 h6 21.Qd2 Bd7 
22.b4 Bc6 23.Bxc6 Qxc6 24.Re1 Qc7 25.b5 Re8 26.Qe2 f5 27.Qf3 Qf7 28.g4 
fxg4 29.Qxg4 Re6 30.Kf1 Kg8 31.Re4 b6 32.Qg3 Qh5 33.Rg4 Qf7 34.Kg2 h5 35.
Rg5 e4 36.dxe4 Rxe4 37.h3 Re2 38.Rd5 Rxa2 39.Rxd4 Rc2 40.Rd8+ Kh7 41.Qd3+ 
Qg6+ 42.Qxg6+ Kxg6 43.Rd6+ Kh7 44.Rxb6 Rxc4 45.Ra6 a4 46.b6 Rb4 47.b7 Rxb7
48.Rxa4 Rb3 1/2-1/2

[Event "24th Panam-ch"]
[Site "Natal BRA"]
[Date "2014.10.25"]
[Round "10"]
[White "Santiago, Yago de Moura"]
[Black "Llorens Sepulveda, Marcelo"]
[Result "1-0"]
[WhiteElo "2397"]
[BlackElo "2275"]
[EventDate "2014.10.18"]
[PlyCount "59"]

1.e4 c5 2.Nf3 Nc6 3.d4 cxd4 4.Nxd4 Nf6 5.Nc3 e5 6.Ndb5 d6 7.Bg5 a6 8.Na3 
b5 9.Nd5 Be7 10.Bxf6 Bxf6 11.c4 O-O 12.Bd3 b4 13.Nc2 a5 14.O-O Bg5 15.Qe2 
g6 16.Rfd1 Kh8 17.b3 f5 18.exf5 gxf5 19.c5 e4 20.Bb5 Ne5 21.Nb6 Rb8 22.
Nxc8 Qxc8 23.cxd6 Rb6 24.Rd5 Qc3 25.Rad1 Rg8 26.Nd4 Bf4 27.Kh1 Ng4 28.Nxf5
Qf6 29.h3 Bxd6 30.hxg4 1-0

[Event "24th Panam-ch"]
[Site "Natal BRA"]
[Date "2014.10.25"]
[Round "10"]
[White "Teixeira, Ricardo da Silva"]
[Black "Ruiz Castillo, Joshua Daniel"]
[Result "1-0"]
[WhiteElo "2220"]
[BlackElo "2396"]
[EventDate "2014.10.18"]
[PlyCount "65"]

1.d4 Nf6 2.c4 e6 3.g3 c5 4.Nf3 Qc7 5.d5 b5 6.dxe6 fxe6 7.cxb5 d5 8.Bg2 Bd6
9.O-O O-O 10.Nbd2 h6 11.e4 Nbd7 12.Qe2 c4 13.e5 Bxe5 14.Nxc4 Bxg3 15.hxg3 
Qxc4 16.Qxc4 dxc4 17.Nd4 Rb8 18.Nxe6 Rf7 19.Nd4 g5 20.Nf5 Rh7 21.Nd6 Nb6 
22.a4 Bg4 23.Ne4 Nfd7 24.f4 gxf4 25.Bxf4 Re8 26.Nd6 Re2 27.a5 Rxg2+ 28.
Kxg2 Nd5 29.b6 Nc5 30.Rae1 axb6 31.Re8+ Kg7 32.Be5+ Kg6 33.Rg8+ 1-0

[Event "24th Panam-ch"]
[Site "Natal BRA"]
[Date "2014.10.25"]
[Round "10"]
[White "Kaidanov, Gregory"]
[Black "Brito, Luismar"]
[Result "1-0"]
[WhiteElo "2569"]
[BlackElo "2261"]
[EventDate "2014.10.18"]
[PlyCount "58"]

1.d4 d5 2.c4 c6 3.Nc3 Nf6 4.Nf3 e6 5.g3 Be7 6.Bg2 a6 7.O-O O-O 8.b3 b5 9.
Qc2 Nbd7 10.c5 a5 11.e4 b4 12.exd5 exd5 13.Na4 Ba6 14.Re1 Bb5 15.a3 Ne4 
16.axb4 axb4 17.Bd2 Bxa4 18.bxa4 Qa5 19.Reb1 Rfb8 20.Bh3 Ndxc5 21.dxc5 
Bxc5 22.Be1 Qb6 23.Rb3 Bd6 24.Bf5 Nf6 25.Bc3 Be7 26.a5 Qb7 27.Re1 c5 28.
Bxf6 gxf6 29.Qe2 Bf8 {resto ileg vel} 1-0

[Event "24th Panam-ch"]
[Site "Natal BRA"]
[Date "2014.10.25"]
[Round "10"]
[White "Jodorcovsky Werjivker, Paulo"]
[Black "Bachmann Schiavo, Axel"]
[Result "0-1"]
[WhiteElo "2170"]
[BlackElo "2645"]
[EventDate "2014.10.18"]
[PlyCount "70"]

1.d4 Nf6 2.Nf3 g6 3.c4 Bg7 4.Nc3 O-O 5.e4 d6 6.Be2 Nbd7 7.O-O e5 8.Be3 Re8
9.dxe5 dxe5 10.h3 c6 11.b4 Nh5 12.Re1 Qe7 13.c5 Nf4 14.Bf1 Nf8 15.Nd2 Rd8 
16.Qb1 N8e6 17.Nc4 Nd4 18.Nd6 Bxh3 19.Bxf4 exf4 20.Qd3 Be6 21.e5 Nf5 22.
Rad1 Nh4 23.Qe4 g5 24.b5 Qc7 25.bxc6 bxc6 26.Bc4 Kh8 27.Bxe6 fxe6 28.Qc4 
Qe7 29.Qe4 Ng6 30.Qd4 g4 31.Re4 Rf8 32.Rb1 Qg5 33.Rb2 Bxe5 34.Qc4 f3 35.
Nd1 g3 0-1

[Event "24th Panam-ch"]
[Site "Natal BRA"]
[Date "2014.10.25"]
[Round "10"]
[White "Roselli Mailhe, Bernardo"]
[Black "Caceres Vasquez, Sergio"]
[Result "1/2-1/2"]
[WhiteElo "2404"]
[BlackElo "2138"]
[EventDate "2014.10.18"]
[PlyCount "128"]

1.d4 d5 2.c4 e6 3.Nc3 Nf6 4.cxd5 exd5 5.Bg5 Be7 6.e3 c6 7.Bd3 O-O 8.Qc2 
Nbd7 9.Nge2 Re8 10.O-O Nf8 11.f3 Ng6 12.e4 dxe4 13.fxe4 Be6 14.Rad1 Ng4 
15.Bxe7 Qxe7 16.Qd2 c5 17.d5 Bd7 18.h3 N4e5 19.Ng3 Nxd3 20.Qxd3 Ne5 21.Qe3
Qd6 22.Nf5 Bxf5 23.Rxf5 a6 24.a4 b6 25.Rf2 Rab8 26.Ne2 f6 27.Ng3 Nf7 28.
Nf5 Qe5 29.d6 Qxe4 30.Qg3 g6 31.d7 Red8 32.Ne3 Qe5 33.Qf3 f5 34.Nd5 Ng5 
35.Qb3 Kg7 36.Nxb6 Ne4 37.Rf3 c4 38.Qe3 Qxb2 39.Nxc4 Qf6 40.a5 Rb5 41.Rff1
Rc5 42.Nd6 Re5 43.Ne8+ Rdxe8 44.dxe8=N+ Rxe8 45.Rd7+ Re7 46.Rfd1 Qf7 47.
Rxe7 Qxe7 48.Rd5 Qc7 49.Qd4+ Kh6 50.Qe3+ Kg7 51.g4 Qf7 52.Qd4+ Kh6 53.Qe3+
Kg7 54.Qd4+ Kh6 55.gxf5 gxf5 56.Qe5 Qa7+ 57.Qd4 Qf7 58.Qe3+ Kg7 59.Re5 Qd7
60.Qf4 Qd1+ 61.Kg2 Qe2+ 62.Kg1 Qd1+ 63.Kg2 Qe2+ 64.Kg1 Qd1+ 1/2-1/2

[Event "24th Panam-ch"]
[Site "Natal BRA"]
[Date "2014.10.25"]
[Round "10"]
[White "Perez Gormaz, Matias"]
[Black "Tapia Fuentes, Jaime"]
[Result "1-0"]
[WhiteElo "2327"]
[BlackElo "2208"]
[EventDate "2014.10.18"]
[PlyCount "165"]

1.e4 c5 2.Nf3 d6 3.d4 cxd4 4.Nxd4 Nf6 5.Nc3 g6 6.Be2 Bg7 7.O-O O-O 8.Re1 
Nc6 9.Nb3 a6 10.Bg5 b5 11.Bf1 Bb7 12.Qd2 Re8 13.Nd5 Nd7 14.c3 Nce5 15.a4 
Nc4 16.Qc2 bxa4 17.Bxc4 axb3 18.Qxb3 Nc5 19.Qa2 h6 20.Nxe7+ Rxe7 21.Bxf7+ 
Kh7 22.Bxe7 Qxe7 23.Bd5 Rf8 24.Re3 Bc8 25.b4 Nd7 26.Be6 Bb7 27.h3 Ne5 28.
g3 Rf6 29.Bd5 Bc8 30.f4 Qa7 31.Qe2 Nd7 32.Kh2 h5 33.f5 Ne5 34.c4 gxf5 35.
exf5 Bxf5 36.c5 Bg4 37.Qc2+ Bf5 38.Qe2 Bg4 39.Rxa6 Qb8 40.Qc2+ Bf5 41.Qe2 
Bg6 42.cxd6 Qd8 43.Bg2 Rxd6 44.b5 Qf6 45.Rxd6 Qxd6 46.Be4 Kh6 47.Bxg6 Kxg6
48.Re4 Bf6 49.Rf4 Bg5 50.Qe4+ Kh6 51.Rf5 Ng6 52.Qd5 Qe7 53.h4 Bxh4 54.
Rxh5+ Kg7 55.Rxh4 Nxh4 56.Qd4+ Kg6 57.Qg4+ Kf7 58.Qc4+ Kg7 59.gxh4 Qe5+ 
60.Kh3 Qe3+ 61.Kg4 Qg1+ 62.Kf4 Qh2+ 63.Ke3 Qg1+ 64.Kd3 Qb1+ 65.Kd4 Qb2+ 
66.Kc5 Qe5+ 67.Kb4 Qb2+ 68.Ka5 Qa3+ 69.Kb6 Qd6+ 70.Kb7 Qd2 71.b6 Kh6 72.
Ka6 Qd6 73.Qc1+ Kg6 74.Qg5+ Kh7 75.Qh5+ Kg7 76.Qg4+ Kh6 77.Qg5+ Kh7 78.
Qf5+ Kh6 79.Kb7 Qe7+ 80.Kc8 Qe8+ 81.Kc7 Qf7+ 82.Qd7 Qf2 83.b7 1-0

[Event "24th Panam-ch"]
[Site "Natal BRA"]
[Date "2014.10.25"]
[Round "10"]
[White "Abdalla, Luiz Guilherme Aurelli"]
[Black "Parente, Renan Braz"]
[Result "1-0"]
[WhiteElo "2302"]
[BlackElo "2071"]
[EventDate "2014.10.18"]
[PlyCount "57"]

1.d4 Nf6 2.c4 g6 3.Nc3 Bg7 4.e4 d6 5.Nf3 O-O 6.Be2 e5 7.O-O Na6 8.Be3 Ng4 
9.Bg5 f6 10.Bc1 Nh6 11.Rb1 Nf7 12.b4 exd4 13.Nxd4 Bd7 14.a3 c6 15.Be3 Qe7 
16.Qd2 Rad8 17.Rbd1 Nc7 18.Rfe1 Ne6 19.Nc2 b6 20.Bf1 f5 21.exf5 gxf5 22.f4
Qf6 23.Nd4 Rfe8 24.Nce2 Nc7 25.Ng3 c5 26.Nh5 Qg6 27.Nxg7 Rxe3 28.Rxe3 cxd4
29.Rg3 1-0

[Event "24th Panam-ch"]
[Site "Natal BRA"]
[Date "2014.10.25"]
[Round "10"]
[White "Sztokbant, Bernardo Vainzoff"]
[Black "Fiaes, Mario Henrique Andrade"]
[Result "1-0"]
[WhiteElo "2271"]
[BlackElo "2070"]
[EventDate "2014.10.18"]
[PlyCount "77"]

1.e4 c5 2.Nf3 d6 3.d4 cxd4 4.Nxd4 Nf6 5.Nc3 a6 6.Be2 e5 7.Nb3 b6 8.O-O Bb7
9.Bf3 Be7 10.Bg5 Nbd7 11.a4 Rc8 12.Re1 O-O 13.Qe2 Re8 14.Rad1 Qc7 15.Be3 
Qb8 16.Bg5 Qa8 17.Nd2 h6 18.Bh4 Qb8 19.Nc4 Qc7 20.Ne3 g6 21.Bg3 Qc5 22.Ng4
Bf8 23.Qd2 Kh7 24.Bh4 Nh5 25.Ne3 Nf4 26.Bg4 Ne6 27.Ncd5 h5 28.Bh3 Kg7 29.
c3 Rb8 30.Kh1 Bc8 31.f3 Qc6 32.b3 b5 33.axb5 axb5 34.Ra1 Bb7 35.Qf2 Ndc5 
36.Bf6+ Kh7 37.Qh4 Nxb3 38.Rad1 Rec8 39.g4 1-0

[Event "24th Panam-ch"]
[Site "Natal BRA"]
[Date "2014.10.25"]
[Round "10"]
[White "Fernandez, Maria Florencia"]
[Black "Feliciano Ebert, Vanessa"]
[Result "0-1"]
[WhiteElo "2218"]
[BlackElo "2252"]
[EventDate "2014.10.18"]
[PlyCount "86"]

1.d4 Nf6 2.c4 e6 3.Nc3 Bb4 4.f3 O-O 5.e3 d5 6.a3 Be7 7.Bd3 c5 8.Nge2 Nc6 
9.cxd5 exd5 10.O-O Re8 11.Kh1 cxd4 12.exd4 Be6 13.Bg5 h6 14.Bh4 Qd7 15.Bf2
Bf8 16.b4 Bf5 17.Na4 Bxd3 18.Qxd3 b6 19.Nac3 g6 20.Rac1 Bg7 21.Qb5 a6 22.
Qd3 b5 23.Rc2 Rac8 24.Rfc1 Ne7 25.Nb1 Nf5 26.Nd2 Nh7 27.Nb3 Rc4 28.Nc5 Qc8
29.g4 Ne7 30.Qd2 Ng5 31.Qf4 Nc6 32.Kg2 Ne6 33.Nxe6 Qxe6 34.Rxc4 dxc4 35.
Nc3 Qd7 36.Ne4 Nxd4 37.Nf6+ Bxf6 38.Qxf6 Ne2 39.Re1 Re6 40.Qb2 Nf4+ 41.Kg1
Rxe1+ 42.Bxe1 Qd1 43.Qd2 Qxf3 0-1

[Event "24th Panam-ch"]
[Site "Natal BRA"]
[Date "2014.10.25"]
[Round "10"]
[White "Markzon, Gregory"]
[Black "Sega, Carlos Alberto"]
[Result "1/2-1/2"]
[WhiteElo "2160"]
[BlackElo "2218"]
[EventDate "2014.10.18"]
[PlyCount "72"]

1.d4 Nf6 2.c4 e6 3.Nc3 Bb4 4.e3 O-O 5.Ne2 d5 6.a3 Bd6 7.cxd5 exd5 8.Ng3 
Re8 9.Bd3 c5 10.dxc5 Bxc5 11.O-O g6 12.b4 Bf8 13.Bb2 Nc6 14.e4 Bg7 15.Nxd5
Nxd5 16.exd5 Bxb2 17.Rb1 Bg7 18.dxc6 bxc6 19.Qf3 Be6 20.Rfd1 Bd5 21.Be4 
Bxe4 22.Nxe4 Qc7 23.Nc5 Rad8 24.g3 Bf8 25.Ne4 Bg7 26.Rxd8 Rxd8 27.Rd1 
Rxd1+ 28.Qxd1 a5 29.Qc2 axb4 30.axb4 Qd7 31.Qc4 Qd5 32.Qxd5 cxd5 33.Nc5 
Kf8 34.b5 Ke7 35.b6 Kd6 36.Na6 Kc6 1/2-1/2

[Event "24th Panam-ch"]
[Site "Natal BRA"]
[Date "2014.10.25"]
[Round "10"]
[White "Macedo, Maximo Iack"]
[Black "Luz, Arthur Nader"]
[Result "1-0"]
[WhiteElo "2336"]
[BlackElo "1885"]
[EventDate "2014.10.18"]
[PlyCount "85"]

1.d4 Nf6 2.c4 g6 3.Nc3 Bg7 4.e4 d6 5.Nf3 O-O 6.h3 e5 7.d5 a5 8.Bg5 h6 9.
Be3 Na6 10.g4 Nd7 11.Nd2 Ndc5 12.Rg1 Bd7 13.Nb3 b6 14.Nxc5 Nxc5 15.Qd2 Kh7
16.O-O-O Qe8 17.h4 f5 18.gxf5 gxf5 19.Rxg7+ Kxg7 20.Bxh6+ Kh7 21.Bxf8 Qxf8
22.Bh3 f4 23.Bxd7 Nxd7 24.Rg1 Nf6 25.f3 Nh5 26.Rg5 Qh6 27.Qg2 Ng3 28.Qh3 
Rd8 29.Nb5 Rg8 30.Qd7+ Rg7 31.Rxg7+ Qxg7 32.Qxg7+ Kxg7 33.Kd2 Nh5 34.Nxc7 
Nf6 35.Nb5 Ne8 36.Na7 Kh6 37.Nc8 Kh5 38.Ke2 Kxh4 39.Kf2 Kg5 40.Nxb6 Kf6 
41.c5 Ke7 42.Nc8+ Kd7 43.Nxd6 1-0

[Event "24th Panam-ch"]
[Site "Natal BRA"]
[Date "2014.10.25"]
[Round "10"]
[White "Abdalla, Jose Lucas Aurelli"]
[Black "Terao, Juliana Sayumi"]
[Result "0-1"]
[WhiteElo "2100"]
[BlackElo "2229"]
[EventDate "2014.10.18"]
[PlyCount "162"]

1.e4 c5 2.Nf3 e6 3.d3 Nc6 4.g3 d5 5.Nbd2 Nge7 6.Bg2 g6 7.O-O Bg7 8.Re1 h6 
9.h4 O-O 10.e5 Nf5 11.c3 b5 12.Nf1 a5 13.Bf4 a4 14.a3 Ra7 15.N1h2 Na5 16.
Qc2 Rd7 17.Nd2 g5 18.hxg5 hxg5 19.g4 Nh4 20.Bg3 Nxg2 21.Kxg2 Nc6 22.Nhf3 
f5 23.exf6 Qxf6 24.Re2 Qg6 25.Rae1 Rdf7 26.Qb1 e5 27.Nh2 b4 28.f3 Ba6 29.
c4 Nd4 30.Re3 b3 31.Bxe5 Nc2 32.Bxg7 Nxe3+ 33.Rxe3 Qxg7 34.cxd5 Qd4 35.
Nhf1 Qxd5 36.Ne4 Rd8 37.Nf2 Bb7 38.Ne4 Qd4 39.Qc1 Bxe4 40.Rxe4 Qxd3 41.
Qxg5+ Rg7 42.Qe5 Rf8 43.Qe6+ Rff7 44.Re3 Qd4 45.Re2 Qf6 46.Qe4 Re7 47.Qd5+
Rgf7 48.Rf2 Qd4 49.Qg5+ Rg7 50.Qf5 Qe5 51.Qd3 Qg5 52.Qc4+ Ref7 53.Qxa4 Qd5
54.Ng3 c4 55.Qe8+ Rf8 56.Qe4 Qxe4 57.Nxe4 Rd7 58.Rf1 Kg7 59.Rc1 Rd3 60.Nc5
Rd2+ 61.Kg3 Rc2 62.Rb1 Rh8 63.Kf4 Rhh2 64.Na4 Rhe2 65.Kf5 Rcd2 66.Kf4 Kf6 
67.Rc1 Rd4+ 68.Kg3 Rc2 69.Rb1 Ke5 70.Re1+ Kf6 71.Rb1 Rdd2 72.Kf4 Re2 73.
Kg3 Ke5 74.f4+ Ke4 75.Nc3+ Rxc3+ 76.bxc3 Re3+ 77.Kf2 Kxf4 78.g5 Rxc3 79.g6
Rg3 80.Rc1 c3 81.g7 c2 0-1

[Event "24th Panam-ch"]
[Site "Natal BRA"]
[Date "2014.10.25"]
[Round "10"]
[White "Cruz, William Ferreira da"]
[Black "Rezende, Guilherme Vilela"]
[Result "1/2-1/2"]
[WhiteElo "2217"]
[BlackElo "2110"]
[EventDate "2014.10.18"]
[PlyCount "100"]

1.d4 Nf6 2.c4 e6 3.Nc3 Bb4 4.Nf3 O-O 5.Bg5 c5 6.e3 h6 7.Bh4 d6 8.Be2 b6 9.
O-O Bxc3 10.bxc3 Nbd7 11.Nd2 Bb7 12.f4 Qc7 13.Bd3 d5 14.Rc1 Rfe8 15.Qc2 
Ng4 16.Rce1 Rac8 17.h3 Ngf6 18.Qb1 a6 19.Rc1 Qc6 20.Nf3 dxc4 21.Bxc4 b5 
22.Bd3 c4 23.Bc2 Nd5 24.Be4 f5 25.Bxd5 Qxd5 26.Qc2 Bc6 27.Ne5 Nxe5 28.dxe5
Qc5 29.Qd2 g5 30.fxg5 Rcd8 31.Qf2 Rd3 32.Rfe1 Kh7 33.e4 Qxf2+ 34.Bxf2 hxg5
35.exf5 exf5 36.Re2 Kg6 37.Bc5 Kf7 38.Bb4 Ke6 39.Rf1 Rh8 40.Rc1 Be4 41.Bd6
Bd5 42.a3 Rh4 43.Bc5 Be4 44.Be3 f4 45.Bf2 f3 46.Ree1 Kxe5 47.Bxh4 gxh4 48.
Rc2 Kf4 49.gxf3 Bxf3 50.Kh2 Bd1 1/2-1/2

[Event "24th Panam-ch"]
[Site "Natal BRA"]
[Date "2014.10.25"]
[Round "10"]
[White "Caetano, Hugo Zanotti Mendonca"]
[Black "Okamura, Milton Kasuo"]
[Result "1-0"]
[WhiteElo "2209"]
[BlackElo "2085"]
[EventDate "2014.10.18"]
[PlyCount "61"]

1.d4 d5 2.c4 c6 3.cxd5 cxd5 4.Nc3 Nc6 5.Nf3 Nf6 6.Bf4 Nh5 7.Bg5 h6 8.Bh4 
g5 9.Bg3 Nxg3 10.hxg3 Bg7 11.e3 O-O 12.Bd3 e6 13.Rc1 Qe7 14.a3 Rd8 15.Bb1 
Kf8 16.Ba2 Bd7 17.Qd3 f5 18.Nd2 Be8 19.f4 g4 20.Kf2 h5 21.b4 Rac8 22.Nb3 
b6 23.Rc2 Nb8 24.Nd2 Rc7 25.Bb3 Bf6 26.Rhc1 Rdc8 27.Bxd5 Rxc3 28.Rxc3 Rxc3
29.Rxc3 exd5 30.Qxf5 Qd6 31.Rc8 1-0

[Event "24th Panam-ch"]
[Site "Natal BRA"]
[Date "2014.10.25"]
[Round "10"]
[White "Mesias Rojas, Rabindranath"]
[Black "Azevedo Junior, Jose Ferreira"]
[Result "1-0"]
[WhiteElo "2209"]
[BlackElo "2088"]
[EventDate "2014.10.18"]
[PlyCount "107"]

1.d4 d5 2.c4 e6 3.Nc3 Nf6 4.cxd5 exd5 5.Bg5 c6 6.e3 Be7 7.Qc2 h6 8.Bh4 
Nbd7 9.Bd3 O-O 10.Nge2 Ne8 11.Bg3 Ndf6 12.O-O Bd6 13.Rad1 Bxg3 14.Nxg3 Nd6
15.f3 a6 16.h3 Nb5 17.Nce2 Re8 18.Qd2 c5 19.dxc5 Qe7 20.b4 Qxe3+ 21.Qxe3 
Rxe3 22.a4 Nc7 23.Kf2 Re8 24.Nd4 g6 25.Nge2 Nd7 26.c6 Ne5 27.cxb7 Bxb7 28.
f4 Nd7 29.Rc1 Rac8 30.b5 a5 31.Nc6 Bxc6 32.Rxc6 Ne6 33.Rd1 Ndc5 34.f5 gxf5
35.Bxf5 Rxc6 36.bxc6 Rc8 37.Nd4 Rc7 38.Ke3 Nxd4 39.Kxd4 Rxc6 40.Kxd5 Rf6 
41.Kxc5 Rxf5+ 42.Rd5 Rf2 43.g4 Rb2 44.Kc6 Rb3 45.Rxa5 Rxh3 46.Rd5 Rh4 47.
Rd4 h5 48.a5 hxg4 49.a6 Rh6+ 50.Rd6 Rh1 51.a7 Rc1+ 52.Kb7 Rb1+ 53.Rb6 Ra1 
54.Ra6 1-0